[Event "ODJM C 2023"]
[Site "Willingen GER"]
[Date "2023.06.02"]
[Round "8"]
[White "Briese, Paul"]
[Black "Dotschuweit, Erik"]
[Result "1/2-1/2"]
[Termination "normal"]
[Board "1"]
[WhiteElo "1321"]
[BlackElo "1332"]
[WhiteClock "00:47:09"]
[BlackClock "00:57:14"]
[PlyCount "58"]
[WhiteFideId "16273826"]
[BlackFideId "34610146"]
[EventCountry "GER"]
[EventRounds "9"]
[EventType "swiss"]
[EventDate "2023.05.27"]

1. Nf3 {[%clk 01:30:59]} d5 {[%clk 01:30:24]} {[%emt 00:00:36]} 2. g3 {[%clk
01:31:18]} {[%emt 00:00:12]} Bg4 {[%clk 01:30:26]} {[%emt 00:00:27]} 3. Bg2
{[%clk 01:31:36]} {[%emt 00:00:13]} Nd7 {[%clk 01:30:25]} {[%emt 00:00:31]} 4.
d3 {[%clk 01:31:37]} {[%emt 00:00:35]} c6 {[%clk 01:25:34]} {[%emt 00:05:12]}
5. O-O {[%clk 01:31:32]} {[%emt 00:00:37]} Ngf6 {[%clk 01:25:24]} {[%emt
00:00:37]} 6. Nbd2 {[%clk 01:30:51]} {[%emt 00:01:15]} e6 {[%clk 01:25:20]}
{[%emt 00:00:31]} 7. h3 {[%clk 01:29:31]} {[%emt 00:01:53]} Bh5 {[%clk
01:19:21]} {[%emt 00:06:28]} 8. Qe1 {[%clk 01:28:49]} {[%emt 00:01:13]} Be7
{[%clk 01:15:59]} {[%emt 00:03:51]} 9. Nh2 {[%clk 01:27:15]} {[%emt 00:02:04]}
Qc7 {[%clk 01:09:14]} {[%emt 00:07:15]} 10. c3 {[%clk 01:26:15]} {[%emt
00:01:31]} O-O {[%clk 01:08:44]} {[%emt 00:00:58]} 11. g4 {[%clk 01:26:07]}
{[%emt 00:00:39]} Bd6 {[%clk 01:08:24]} {[%emt 00:00:50]} 12. Ndf3 {[%clk
01:20:14]} {[%emt 00:06:22]} Bg6 {[%clk 01:08:01]} {[%emt 00:00:53]} 13. g5
{[%clk 01:15:33]} {[%emt 00:05:13]} Nh5 {[%clk 01:07:38]} {[%emt 00:00:52]} 14.
e4 {[%clk 01:12:22]} {[%emt 00:03:42]} Nf4 {[%clk 01:07:32]} {[%emt 00:00:36]}
15. Bxf4 {[%clk 01:12:19]} {[%emt 00:00:33]} Bxf4 {[%clk 01:07:52]} {[%emt
00:00:09]} 16. Qe2 {[%clk 01:06:57]} {[%emt 00:05:52]} dxe4 {[%clk 01:06:44]}
{[%emt 00:01:38]} 17. dxe4 {[%clk 01:04:32]} {[%emt 00:02:56]} Nc5 {[%clk
01:06:16]} {[%emt 00:00:57]} 18. e5 {[%clk 01:02:24]} {[%emt 00:02:38]} Bd3
{[%clk 01:06:26]} {[%emt 00:00:20]} 19. Qe1 {[%clk 01:00:43]} {[%emt 00:02:12]}
Bxf1 {[%clk 01:06:14]} {[%emt 00:00:41]} 20. Bxf1 {[%clk 00:58:48]} {[%emt
00:02:26]} Rad8 {[%clk 01:06:10]} {[%emt 00:00:34]} 21. Ng4 {[%clk 00:56:05]}
{[%emt 00:03:13]} Qb6 {[%clk 01:04:30]} {[%emt 00:02:09]} 22. b4 {[%clk
00:54:38]} {[%emt 00:01:58]} Na6 {[%clk 01:01:33]} {[%emt 00:03:27]} 23. Qe4
{[%clk 00:54:15]} {[%emt 00:00:49]} Bd2 {[%clk 01:00:43]} {[%emt 00:01:24]} 24.
Bd3 {[%clk 00:53:10]} {[%emt 00:01:35]} Rxd3 {[%clk 00:57:11]} {[%emt
00:04:01]} 25. Qxd3 {[%clk 00:53:05]} {[%emt 00:00:35]} Rd8 {[%clk 00:57:29]}
{[%emt 00:00:13]} 26. Qc2 {[%clk 00:48:27]} {[%emt 00:05:07]} Bf4 {[%clk
00:57:27]} {[%emt 00:00:33]} 27. Qe4 {[%clk 00:47:47]} {[%emt 00:01:10]} Bd2
{[%clk 00:57:16]} {[%emt 00:00:40]} 28. Qc2 {[%clk 00:47:01]} {[%emt 00:01:17]}
Bf4 {[%clk 00:57:14]} {[%emt 00:00:32]} 29. Qe4 {[%clk 00:47:09]} {[%emt
00:00:22]} Bd2 {[%emt 00:01:48]} 1/2-1/2

[Event "ODJM C 2023"]
[Site "Willingen GER"]
[Date "2023.06.02"]
[Round "8"]
[White "Sauer, Ben"]
[Black "Türel, Tugce"]
[Result "1-0"]
[Termination "normal"]
[Board "3"]
[WhiteElo "1340"]
[BlackElo "1249"]
[WhiteClock "00:57:14"]
[BlackClock "00:21:49"]
[PlyCount "87"]
[WhiteFideId "34606866"]
[BlackFideId "26350602"]
[EventCountry "GER"]
[EventRounds "9"]
[EventType "swiss"]
[EventDate "2023.05.27"]

1. e4 {[%clk 01:30:58]} {[%emt 00:00:02]} e6 {[%clk 01:30:05]} {[%emt
00:00:56]} 2. d4 {[%clk 01:31:20]} {[%emt 00:00:07]} d5 {[%emt 00:00:18]} 3.
Nc3 {[%clk 01:31:33]} {[%emt 00:00:08]} Nf6 {[%clk 01:29:11]} {[%emt 00:01:44]}
4. e5 {[%clk 01:31:13]} {[%emt 00:00:51]} Nfd7 {[%clk 01:29:22]} {[%emt
00:00:18]} 5. f4 {[%clk 01:30:19]} {[%emt 00:01:25]} c5 {[%clk 01:08:33]}
{[%emt 00:21:18]} 6. Nf3 {[%clk 01:28:46]} {[%emt 00:02:03]} h6 {[%clk
01:05:25]} {[%emt 00:03:38]} 7. Be3 {[%clk 01:23:18]} {[%emt 00:05:58]} Nc6
{[%clk 01:04:40]} {[%emt 00:01:16]} 8. Be2 {[%clk 01:17:55]} {[%emt 00:05:52]}
Be7 {[%clk 00:54:54]} {[%emt 00:10:15]} 9. O-O {[%clk 01:15:35]} {[%emt
00:02:52]} f5 {[%clk 00:52:41]} {[%emt 00:02:42]} 10. Rb1 {[%clk 01:08:24]}
{[%emt 00:07:41]} b6 {[%clk 00:47:23]} {[%emt 00:05:48]} 11. b3 {[%clk
01:02:40]} {[%emt 00:06:14]} g5 {[%clk 00:41:13]} {[%emt 00:06:41]} 12. h3
{[%clk 00:48:27]} {[%emt 00:14:43]} a6 {[%clk 00:26:02]} {[%emt 00:15:40]} 13.
Kh1 {[%clk 00:42:53]} {[%emt 00:06:05]} Nf8 {[%clk 00:10:56]} {[%emt 00:15:36]}
14. g3 {[%clk 00:40:29]} {[%emt 00:02:54]} Bb7 {[%clk 00:10:15]} {[%emt
00:01:11]} 15. Kh2 {[%clk 00:38:06]} {[%emt 00:02:53]} Kd7 {[%clk 00:10:03]}
{[%emt 00:00:42]} 16. Qd2 {[%clk 00:37:36]} {[%emt 00:01:00]} g4 {[%clk
00:09:45]} {[%emt 00:00:48]} 17. hxg4 {[%clk 00:37:34]} {[%emt 00:00:31]} fxg4
{[%clk 00:10:11]} {[%emt 00:00:04]} 18. Ne1 {[%clk 00:37:09]} {[%emt 00:00:55]}
cxd4 {[%clk 00:10:03]} {[%emt 00:00:39]} 19. Bxd4 {[%clk 00:37:23]} {[%emt
00:00:15]} Nxd4 {[%clk 00:10:23]} {[%emt 00:00:10]} 20. Qxd4 {[%clk 00:37:29]}
{[%emt 00:00:24]} Bc5 {[%clk 00:10:40]} {[%emt 00:00:13]} 21. Qd3 {[%clk
00:37:06]} {[%emt 00:00:54]} h5 {[%clk 00:10:34]} {[%emt 00:00:36]} 22. Ng2
{[%clk 00:36:26]} {[%emt 00:01:09]} d4 {[%clk 00:08:29]} {[%emt 00:02:36]} 23.
Ne4 {[%clk 00:35:40]} {[%emt 00:01:15]} Kc8 {[%clk 00:07:48]} {[%emt 00:01:11]}
24. Nh4 {[%clk 00:33:01]} {[%emt 00:03:10]} Be7 {[%clk 00:07:39]} {[%emt
00:00:39]} 25. Ng5 {[%clk 00:29:53]} {[%emt 00:03:38]} Bxg5 {[%clk 00:07:08]}
{[%emt 00:01:00]} 26. fxg5 {[%clk 00:30:14]} {[%emt 00:00:09]} Qxg5 {[%clk
00:07:31]} {[%emt 00:00:07]} 27. Qxd4 {[%clk 00:30:30]} {[%emt 00:00:14]} Qe7
{[%clk 00:05:45]} {[%emt 00:02:17]} 28. Qxb6 {[%clk 00:30:18]} {[%emt
00:00:41]} Nd7 {[%clk 00:05:31]} {[%emt 00:00:44]} 29. Qd4 {[%clk 00:29:51]}
{[%emt 00:00:55]} Rg8 {[%clk 00:04:04]} {[%emt 00:01:59]} 30. Bc4 {[%clk
00:27:39]} {[%emt 00:02:42]} Rd8 {[%clk 00:03:00]} {[%emt 00:01:34]} 31. Qc3
{[%clk 00:26:44]} {[%emt 00:01:25]} Kb8 {[%clk 00:03:13]} {[%emt 00:00:17]} 32.
Rbd1 {[%clk 00:26:13]} {[%emt 00:01:01]} Rc8 {[%clk 00:03:02]} {[%emt
00:00:41]} 33. Qd3 {[%clk 00:26:10]} {[%emt 00:00:33]} Rc6 {[%clk 00:02:32]}
{[%emt 00:01:00]} 34. Qxd7 {[%clk 00:26:22]} {[%emt 00:00:18]} Qc5 {[%clk
00:02:08]} {[%emt 00:00:54]} 35. Qd4 {[%clk 00:26:02]} {[%emt 00:00:49]} Qa5
{[%clk 00:01:38]} {[%emt 00:01:02]} 36. Qd8+ {[%clk 00:26:04]} {[%emt
00:00:27]} Qxd8 {[%clk 00:01:55]} {[%emt 00:00:13]} 37. Rxd8+ {[%clk 00:26:28]}
{[%emt 00:00:06]} Ka7 {[%clk 00:02:17]} {[%emt 00:00:09]} 38. Rxa8+ {[%clk
00:26:50]} {[%emt 00:00:08]} Kxa8 {[%clk 00:02:38]} {[%emt 00:00:08]} 39. Rf6
{[%clk 00:26:52]} {[%emt 00:00:27]} Rc8 {[%clk 00:01:16]} {[%emt 00:01:53]} 40.
Rxe6 {[%clk 00:27:03]} {[%emt 00:00:19]} Rd8 {[%clk 00:01:27]} {[%emt
00:00:20]} 41. Rd6 {[%clk 00:27:11]} {[%emt 00:00:21]} Rf8 {[%clk 00:29:19]}
{[%emt 00:02:38]} 42. e6 {[%clk 00:57:03]} {[%emt 00:00:38]} Ka7 {[%clk
00:21:26]} {[%emt 00:08:24]} 43. e7 {[%clk 00:57:03]} {[%emt 00:00:30]} Rf1
{[%clk 00:21:49]} {[%emt 00:00:06]} 44. Bxf1 {[%clk 00:57:14]} {[%emt
00:00:19]} 1-0

[Event "ODJM C 2023"]
[Site "Willingen GER"]
[Date "2023.06.02"]
[Round "8"]
[White "Hierl, Andreas"]
[Black "Meyer, Henry Paul"]
[Result "0-1"]
[Termination "normal"]
[Board "4"]
[WhiteElo "1236"]
[BlackElo "1337"]
[WhiteClock "00:38:25"]
[BlackClock "00:29:48"]
[PlyCount "52"]
[WhiteFideId "34660496"]
[BlackFideId "34645802"]
[EventCountry "GER"]
[EventRounds "9"]
[EventType "swiss"]
[EventDate "2023.05.27"]

1. e4 {[%clk 01:30:58]} {[%emt 00:00:02]} c5 {[%clk 01:30:54]} {[%emt
00:00:06]} 2. Nf3 {[%clk 01:31:23]} {[%emt 00:00:04]} d6 {[%clk 01:31:02]}
{[%emt 00:00:22]} 3. d4 {[%clk 01:31:46]} {[%emt 00:00:07]} cxd4 {[%clk
01:31:24]} {[%emt 00:00:09]} 4. Nxd4 {[%clk 01:32:13]} {[%emt 00:00:03]} Nf6
{[%clk 01:31:44]} {[%emt 00:00:10]} 5. Nc3 {[%clk 01:32:35]} {[%emt 00:00:08]}
g6 {[%clk 01:31:40]} {[%emt 00:00:33]} 6. Be2 {[%clk 01:32:34]} {[%emt
00:00:32]} Bg7 {[%clk 01:31:47]} {[%emt 00:00:22]} 7. Be3 {[%clk 01:32:54]}
{[%emt 00:00:10]} O-O {[%clk 01:31:58]} {[%emt 00:00:19]} 8. O-O {[%clk
01:33:02]} {[%emt 00:00:19]} Nc6 {[%clk 01:32:12]} {[%emt 00:00:20]} 9. a3
{[%clk 01:28:47]} {[%emt 00:04:46]} Nxd4 {[%clk 01:27:07]} {[%emt 00:05:34]}
10. Bxd4 {[%clk 01:26:29]} {[%emt 00:02:48]} Be6 {[%clk 01:25:40]} {[%emt
00:01:56]} 11. f4 {[%clk 01:23:47]} {[%emt 00:03:13]} Rc8 {[%clk 01:19:48]}
{[%emt 00:06:22]} 12. f5 {[%clk 01:17:37]} {[%emt 00:06:40]} Bd7 {[%clk
01:19:42]} {[%emt 00:00:36]} 13. Bxf6 {[%clk 01:15:53]} {[%emt 00:02:13]} Bxf6
{[%clk 01:18:03]} {[%emt 00:02:09]} 14. Nd5 {[%clk 01:16:00]} {[%emt 00:00:24]}
Bxb2 {[%clk 01:15:24]} {[%emt 00:03:08]} 15. Rb1 {[%clk 01:16:16]} {[%emt
00:00:15]} Bxa3 {[%clk 01:09:43]} {[%emt 00:06:11]} 16. f6 {[%clk 01:16:06]}
{[%emt 00:00:40]} exf6 {[%clk 01:07:42]} {[%emt 00:02:30]} 17. Rxb7 {[%clk
01:13:51]} {[%emt 00:02:46]} Bc5+ {[%clk 01:04:14]} {[%emt 00:03:58]} 18. Kh1
{[%clk 01:14:09]} {[%emt 00:00:12]} Be6 {[%clk 00:50:54]} {[%emt 00:13:50]} 19.
Nxf6+ {[%clk 01:04:42]} {[%emt 00:09:56]} Kg7 {[%clk 00:50:32]} {[%emt
00:00:52]} 20. Qa1 {[%clk 01:01:23]} {[%emt 00:03:49]} Kh6 {[%clk 00:47:53]}
{[%emt 00:03:09]} 21. Rf4 {[%clk 00:51:56]} {[%emt 00:09:58]} Kg5 {[%clk
00:41:13]} {[%emt 00:07:10]} 22. Qe1 {[%clk 00:47:38]} {[%emt 00:04:48]} h5
{[%clk 00:37:43]} {[%emt 00:03:59]} 23. Qh4+ {[%clk 00:46:42]} {[%emt
00:01:26]} Kh6 {[%clk 00:37:56]} {[%emt 00:00:18]} 24. Bxh5 {[%clk 00:46:17]}
{[%emt 00:00:55]} g5 {[%clk 00:37:27]} {[%emt 00:00:59]} 25. Qg3 {[%clk
00:43:43]} {[%emt 00:03:04]} Bd4 {[%clk 00:34:06]} {[%emt 00:03:51]} 26. Rh4
{[%clk 00:38:25]} {[%emt 00:05:47]} Qxf6 {[%clk 00:29:48]} {[%emt 00:04:48]}
0-1

[Event "ODJM C 2023"]
[Site "Willingen GER"]
[Date "2023.06.02"]
[Round "8"]
[White "Schwedhelm, Dennis"]
[Black "Neumeier, Leonhard"]
[Result "1-0"]
[Termination "normal"]
[Board "5"]
[WhiteElo "1373"]
[BlackElo "1219"]
[WhiteClock "00:15:53"]
[BlackClock "00:10:19"]
[PlyCount "163"]
[WhiteFideId "16228995"]
[BlackFideId "34650822"]
[EventCountry "GER"]
[EventRounds "9"]
[EventType "swiss"]
[EventDate "2023.05.27"]

1. d4 {[%clk 01:30:57]} {[%emt 00:00:02]} d5 {[%clk 01:30:48]} {[%emt
00:00:13]} 2. c4 {[%clk 01:31:18]} {[%emt 00:00:08]} dxc4 {[%clk 01:30:36]}
{[%emt 00:00:43]} 3. Nc3 {[%clk 01:31:37]} {[%emt 00:00:11]} a6 {[%clk
01:30:29]} {[%emt 00:00:37]} 4. a4 {[%clk 01:30:08]} {[%emt 00:01:58]} Nf6
{[%clk 01:21:27]} {[%emt 00:09:34]} 5. e4 {[%clk 01:26:29]} {[%emt 00:01:35]}
e5 {[%clk 01:17:40]} {[%emt 00:06:50]} 6. d5 {[%clk 01:23:56]} {[%emt
00:03:03]} Bb4 {[%clk 01:16:17]} {[%emt 00:01:53]} 7. f3 {[%clk 01:20:10]}
{[%emt 00:04:16]} Nbd7 {[%clk 01:14:10]} {[%emt 00:02:37]} 8. Bxc4 {[%clk
01:16:53]} {[%emt 00:03:47]} b6 {[%clk 01:13:14]} {[%emt 00:01:27]} 9. Nge2
{[%clk 01:13:18]} {[%emt 00:04:04]} h6 {[%clk 01:10:04]} {[%emt 00:03:40]} 10.
Be3 {[%clk 01:12:02]} {[%emt 00:01:45]} O-O {[%clk 01:04:54]} {[%emt 00:05:41]}
11. O-O {[%clk 01:09:35]} {[%emt 00:02:56]} Qe7 {[%clk 01:04:07]} {[%emt
00:01:18]} 12. Qd2 {[%clk 01:05:38]} {[%emt 00:04:27]} Bb7 {[%clk 01:00:18]}
{[%emt 00:04:19]} 13. Ng3 {[%clk 01:04:03]} {[%emt 00:02:04]} Bc5 {[%clk
00:57:45]} {[%emt 00:03:04]} 14. Nf5 {[%clk 01:00:14]} {[%emt 00:04:18]} Bxe3+
{[%clk 00:56:36]} {[%emt 00:01:40]} 15. Qxe3 {[%clk 01:00:03]} {[%emt
00:00:41]} Qb4 {[%clk 00:56:10]} {[%emt 00:00:56]} 16. b3 {[%clk 00:56:11]}
{[%emt 00:04:22]} Kh7 {[%clk 00:55:12]} {[%emt 00:01:29]} 17. Na2 {[%clk
00:50:15]} {[%emt 00:06:26]} Qa5 {[%clk 00:50:15]} {[%emt 00:05:27]} 18. Nc3
{[%clk 00:41:42]} {[%emt 00:09:02]} Qb4 {[%clk 00:46:23]} {[%emt 00:04:22]} 19.
Rfd1 {[%clk 00:39:32]} {[%emt 00:02:39]} Qc5 {[%clk 00:42:53]} {[%emt
00:04:01]} 20. Qxc5 {[%clk 00:38:42]} {[%emt 00:01:20]} Nxc5 {[%clk 00:42:06]}
{[%emt 00:01:17]} 21. b4 {[%clk 00:38:28]} {[%emt 00:00:44]} Ncd7 {[%clk
00:40:46]} {[%emt 00:01:51]} 22. d6 {[%clk 00:36:49]} {[%emt 00:02:09]} g6
{[%clk 00:39:47]} {[%emt 00:01:29]} 23. Ne3 {[%clk 00:36:25]} {[%emt 00:00:53]}
cxd6 {[%clk 00:38:32]} {[%emt 00:01:45]} 24. Rxd6 {[%clk 00:36:38]} {[%emt
00:00:16]} Bc8 {[%clk 00:37:22]} {[%emt 00:01:41]} 25. Rad1 {[%clk 00:35:24]}
{[%emt 00:01:44]} Kg7 {[%clk 00:32:48]} {[%emt 00:05:03]} 26. Ned5 {[%clk
00:34:08]} {[%emt 00:01:47]} Nxd5 {[%clk 00:30:59]} {[%emt 00:02:20]} 27. R1xd5
{[%clk 00:32:21]} {[%emt 00:02:16]} Ra7 {[%clk 00:29:22]} {[%emt 00:02:07]} 28.
Kf2 {[%clk 00:27:14]} {[%emt 00:05:36]} g5 {[%clk 00:26:02]} {[%emt 00:03:50]}
29. Ke3 {[%clk 00:26:35]} {[%emt 00:01:09]} f6 {[%clk 00:25:10]} {[%emt
00:01:23]} 30. Rd2 {[%clk 00:25:20]} {[%emt 00:01:45]} Kg6 {[%clk 00:23:55]}
{[%emt 00:01:44]} 31. Be6 {[%clk 00:23:46]} {[%emt 00:02:04]} Nb8 {[%clk
00:18:19]} {[%emt 00:06:07]} 32. Rxb6 {[%clk 00:22:58]} {[%emt 00:01:18]} Bxe6
{[%clk 00:16:21]} {[%emt 00:02:28]} 33. Rxe6 {[%clk 00:23:06]} {[%emt
00:00:22]} h5 {[%clk 00:14:06]} {[%emt 00:02:45]} 34. g3 {[%clk 00:20:49]}
{[%emt 00:02:47]} Rb7 {[%clk 00:11:54]} {[%emt 00:02:42]} 35. Nd5 {[%clk
00:16:10]} {[%emt 00:05:08]} a5 {[%clk 00:09:00]} {[%emt 00:03:25]} 36. b5
{[%clk 00:15:44]} {[%emt 00:00:55]} Nd7 {[%clk 00:08:43]} {[%emt 00:00:48]} 37.
Ne7+ {[%clk 00:14:42]} {[%emt 00:01:32]} Kh7 {[%clk 00:07:44]} {[%emt
00:01:29]} 38. Nf5 {[%clk 00:14:22]} {[%emt 00:00:49]} Nc5 {[%clk 00:06:54]}
{[%emt 00:01:21]} 39. Re7+ {[%clk 00:14:14]} {[%emt 00:00:37]} Rxe7 {[%clk
00:07:08]} {[%emt 00:00:17]} 40. Nxe7 {[%clk 00:14:31]} {[%emt 00:00:13]} Nxa4
{[%clk 00:07:28]} {[%emt 00:00:09]} 41. Ra2 {[%clk 00:13:19]} {[%emt 00:01:42]}
Nb6 {[%clk 00:07:39]} {[%emt 00:00:20]} 42. Nd5 {[%clk 00:12:55]} {[%emt
00:00:53]} Nc4+ {[%clk 00:05:31]} {[%emt 00:02:39]} 43. Kd3 {[%clk 00:12:26]}
{[%emt 00:00:58]} Rc8 {[%clk 00:04:58]} {[%emt 00:01:04]} 44. Rc2 {[%clk
00:12:22]} {[%emt 00:00:34]} Nd6 {[%clk 00:04:44]} {[%emt 00:00:44]} 45. Rxc8
{[%clk 00:12:28]} {[%emt 00:00:24]} Nxc8 {[%clk 00:05:05]} {[%emt 00:00:09]}
46. Nxf6+ {[%clk 00:12:45]} {[%emt 00:00:13]} Kg6 {[%clk 00:05:22]} {[%emt
00:00:13]} 47. Nd5 {[%clk 00:12:50]} {[%emt 00:00:25]} a4 {[%clk 00:05:25]}
{[%emt 00:00:28]} 48. Kc3 {[%clk 00:12:52]} {[%emt 00:00:26]} Nd6 {[%clk
00:05:20]} {[%emt 00:00:36]} 49. b6 {[%clk 00:12:46]} {[%emt 00:00:36]} Nb5+
{[%clk 00:05:28]} {[%emt 00:00:22]} 50. Kb2 {[%clk 00:11:56]} {[%emt 00:01:19]}
a3+ {[%clk 00:05:38]} {[%emt 00:00:21]} 51. Ka2 {[%clk 00:12:14]} {[%emt
00:00:12]} Nd6 {[%clk 00:05:46]} {[%emt 00:00:23]} 52. Kxa3 {[%clk 00:12:27]}
{[%emt 00:00:16]} Kf7 {[%clk 00:06:08]} {[%emt 00:00:09]} 53. Kb4 {[%clk
00:12:28]} {[%emt 00:00:28]} Ke6 {[%clk 00:05:58]} {[%emt 00:00:40]} 54. Kc5
{[%clk 00:10:31]} {[%emt 00:02:26]} Nb7+ {[%clk 00:03:41]} {[%emt 00:02:49]}
55. Kc6 {[%clk 00:08:37]} {[%emt 00:02:23]} Na5+ {[%clk 00:03:50]} {[%emt
00:00:21]} 56. Kc7 {[%clk 00:08:43]} {[%emt 00:00:24]} Kf7 {[%clk 00:03:14]}
{[%emt 00:01:07]} 57. b7 {[%clk 00:08:13]} {[%emt 00:00:59]} Nxb7 {[%clk
00:03:32]} {[%emt 00:00:12]} 58. Kxb7 {[%clk 00:08:34]} {[%emt 00:00:08]} Kg6
{[%clk 00:03:48]} {[%emt 00:00:15]} 59. Kc7 {[%clk 00:08:48]} {[%emt 00:00:16]}
h4 {[%clk 00:04:04]} {[%emt 00:00:14]} 60. g4 {[%clk 00:09:02]} {[%emt
00:00:16]} Kf7 {[%clk 00:03:40]} {[%emt 00:00:54]} 61. Kd7 {[%clk 00:09:04]}
{[%emt 00:00:27]} h3 {[%clk 00:03:46]} {[%emt 00:00:24]} 62. Kd6 {[%clk
00:09:19]} {[%emt 00:00:15]} Ke8 {[%clk 00:04:07]} {[%emt 00:00:09]} 63. Kxe5
{[%clk 00:09:44]} {[%emt 00:00:06]} Kf7 {[%clk 00:04:16]} {[%emt 00:00:22]} 64.
Kd6 {[%clk 00:10:01]} {[%emt 00:00:12]} Ke8 {[%clk 00:04:33]} {[%emt 00:00:13]}
65. e5 {[%clk 00:10:10]} {[%emt 00:00:20]} Kd8 {[%clk 00:04:49]} {[%emt
00:00:15]} 66. Ne3 {[%clk 00:10:14]} {[%emt 00:00:26]} Ke8 {[%clk 00:05:06]}
{[%emt 00:00:13]} 67. Ke6 {[%clk 00:10:38]} {[%emt 00:00:05]} Kd8 {[%clk
00:05:25]} {[%emt 00:00:11]} 68. Kf7 {[%clk 00:11:05]} {[%emt 00:00:04]} Kd7
{[%clk 00:05:46]} {[%emt 00:00:10]} 69. e6+ {[%clk 00:11:26]} {[%emt 00:00:08]}
Kd8 {[%clk 00:06:08]} {[%emt 00:00:08]} 70. e7+ {[%clk 00:11:51]} {[%emt
00:00:05]} Kd7 {[%clk 00:06:34]} {[%emt 00:00:04]} 71. e8=Q+ {[%clk 00:12:04]}
{[%emt 00:00:08]} Kd6 {[%clk 00:06:59]} {[%emt 00:00:14]} 72. Kf6 {[%clk
00:12:19]} {[%emt 00:00:15]} Kc5 {[%clk 00:07:16]} {[%emt 00:00:14]} 73. Qd7
{[%clk 00:12:41]} {[%emt 00:00:07]} Kb4 {[%clk 00:07:33]} {[%emt 00:00:14]} 74.
Qc6 {[%clk 00:13:00]} {[%emt 00:00:09]} Kb3 {[%clk 00:07:55]} {[%emt 00:00:09]}
75. Ke5 {[%clk 00:13:22]} {[%emt 00:00:08]} Kb4 {[%clk 00:08:18]} {[%emt
00:00:06]} 76. Kd4 {[%clk 00:13:43]} {[%emt 00:00:09]} Kb3 {[%clk 00:08:39]}
{[%emt 00:00:10]} 77. Qc5 {[%clk 00:13:54]} {[%emt 00:00:18]} Kb2 {[%clk
00:09:00]} {[%emt 00:00:10]} 78. Kd3 {[%clk 00:14:18]} {[%emt 00:00:06]} Kb1
{[%clk 00:09:19]} {[%emt 00:00:11]} 79. Kd2 {[%clk 00:14:42]} {[%emt 00:00:06]}
Kb2 {[%clk 00:09:40]} {[%emt 00:00:10]} 80. Qb4+ {[%clk 00:15:05]} {[%emt
00:00:06]} Ka1 {[%clk 00:09:57]} {[%emt 00:00:14]} 81. Kc2 {[%clk 00:15:28]}
{[%emt 00:00:05]} Ka2 {[%clk 00:10:19]} {[%emt 00:00:09]} 82. Qa4# {[%clk
00:15:53]} {[%emt 00:00:04]} 1-0